| 000 | 01122nam a2200313 c 4500 | ||
|---|---|---|---|
| 999 |
_c38780 _d38780 |
||
| 003 | BLK | ||
| 005 | 20230629003920.0 | ||
| 008 | 180408b bul|||||r ||||||| ||bul|| | ||
| 010 | _aKNG00042018000 | ||
| 040 | _aBLK | ||
| 041 |
_aBUL _cBUL |
||
| 080 |
_aБългарска литература _b821.163.2 _x-32 _z821.163.2-32 |
||
| 100 |
_aВежинов, Павел _d1914–1983 _qГугов, Никола Делчев _9249347 |
||
| 139 |
_aВежинов, Павел _bВ 35 |
||
| 245 | 1 | 0 |
_aСиният камък _bРазкази и повести _cПавел Вежинов; |
| 257 | _aBGR | ||
| 260 |
_bБълг. писател _c1977 _aСофия |
||
| 300 |
_a192 с. _c20 см |
||
| 380 | _aX | ||
| 500 | _aПавел Вежинов псевд. на Никола Делчев Гугов. | ||
| 700 | 1 |
_aГугов, Никола Делчев _9367471 |
|
| 852 | _aЦб 89011 | ||
| 856 | 4 |
_qpdf _i0.00 _ldisable |
|
| 856 | 4 |
_qpdf _i0.00 _ldisable |
|
| 942 |
_cKNG _n0 _01 _s1 |
||
| 944 |
_aCR _c26.08.2016 _kМилена_Ачева |
||
| 944 |
_aED _c26.08.2016 _kМилена_Ачева |
||
| 999 | _d38780 | ||